[Event "Corus"]
[Site "Wijk aan Zee"]
[Date "2006.01.19"]
[Round "5"]
[White "Topalov, Veselin"]
[Black "Mamedyarov, Shakhriyar"]
[Result "1/2-1/2"]
[WhiteElo "2801"]
[BlackElo "2709"]
[Annotator "Finkel,A"]
[PlyCount "91"]
[EventDate "2006.01.14"]
[EventType "tourn"]
[EventRounds "13"]
[EventCountry "NED"]
[EventCategory "19"]
[SourceTitle "CBM 111"]
[Source "ChessBase"]
[SourceDate "2006.04.04"]
[SourceVersion "1"]
[SourceVersionDate "2006.04.04"]
[SourceQuality "1"]

1. e4 e5 2. Nf3 Nc6 3. Bb5 a6 4. Ba4 Nf6 5. O-O Be7 6. Re1 d6 {Very solid line,
which is often used by Adams.} 7. c3 Bg4 8. d3 Nd7 9. h3 Bh5 10. Be3 h6 11. g4
$5 $146 {Until this game White was playing 11.Nbd2 automatically, but after 11.
..Bg5 Black seems to be able to solve the opening problems without too many
worries.The idea behind Topalov's novelty is to capture on g5 with the knight
followed by d4.} (11. Nbd2 Bg5 12. Bxc6 (12. Nf1 Bxe3 13. fxe3 O-O 14. Ng3 Bg6
15. d4 Nf6 16. Bc2 Re8 17. Qd2 Nh5 18. Qf2 Nxg3 19. Qxg3 Bh7 20. Re2 Qe7 21.
Rf1 Rf8 $11 {Ponomariov,R-Adams,M/Bled 2002}) (12. Qe2 Bxe3 13. Qxe3 b5 (13...
O-O 14. b4 (14. Bxc6 bxc6 15. b4 a5 16. Nc4 axb4 17. cxb4 Bxf3 18. Qxf3 c5 $11
{Anand,V-Adams,M/Bastia 2005}) 14... Re8 15. a3 Nb6 16. Bxc6 bxc6 17. Nb3 d5
18. Nc5 $14 {Leko,P-Adams,M/Wijk aan Zee 2005}) 14. Bc2 O-O 15. Nf1 Re8 16. Ng3
Bg6 17. Rad1 Nb6 18. d4 exd4 19. Nxd4 Nxd4 20. cxd4 d5 21. Qc3 dxe4 22. Bxe4
Bxe4 23. Rxe4 Qd7 24. a3 {1/2-1/2 Leko,P-Adams,M/Moscow 2004}) 12... bxc6 13.
Qa4 Bxe3 14. Rxe3 c5 15. d4 exd4 16. cxd4 O-O 17. Qc2 Re8 18. Rae1 $14 {
Morozevich,A-Najer,E/Zagan 1997}) 11... Bg6 12. Nbd2 h5 $5 {Very logical way
to test the quality of Topalov's novelty. White is forced to play g5, so Black
gets good counterchanes on the kingside.} (12... Bg5 13. Nxg5 hxg5 14. Kg2 $14)
13. g5 Nb6 14. Bb3 h4 $5 {[%cal Gg6h5] Intending to disturb White by Bh5 in
the nearest future.} 15. a4 ({After} 15. d4 exd4 16. cxd4 d5 $1 $15 {Black
would've taken control over the light squares in the center.}) 15... d5 $1 {
An excellent move.} (15... a5) 16. a5 ({The continuation} 16. Bxb6 dxe4 17.
Bxc7 Qxc7 18. dxe4 O-O-O $44 {is too risky even for Topalov!}) 16... d4 17.
cxd4 {White doesn't really have a choice as after} (17. Bxd4 exd4 18. axb6 cxb6
19. cxd4 Nxd4 20. Nxd4 Qxd4 21. Nf3 Qd6 $15 {[%csl Rd3,Rg1,Rg5] Black gets a
very comfortable position.}) 17... exd4 18. Bf4 Nd7 19. Rc1 $5 {The positional
exchange sacrifice has become Topalov's favorite during the last couple of
years!} Nc5 20. Rxc5 Bxc5 21. Ba4 Kf8 $6 {I don't really like this move, but I
can understand Mamedyarov for not opting for} (21... Bd6 $1 22. e5 (22. Bxd6
cxd6 23. Qc1 Rc8 24. Nc4 O-O 25. Bxc6 Rxc6 26. Qf4 d5 27. exd5 Rc5 $17) 22...
Be7 23. e6 (23. Nb3 $6 O-O 24. Bxc6 bxc6 25. Nbxd4 Qd5 $15) 23... O-O 24. Bxc6
bxc6 25. Ne5 Qd5 26. Qg4 Rae8 $132 {with a very complex struggle, even though
Black should have at least equal chances in this line.}) 22. Bxc6 bxc6 23. Qa4
Kg8 $6 ({This time ...Bd6 was called for.} 23... Bd6 24. Bxd6+ Qxd6 25. Nc4 Qe6
26. Kh2 $13) 24. Qxc6 Bb4 25. Rc1 $1 $14 {[%csl Rc7,Rd4,Rg6] The simplest way
to advantage.} ({Another promising move was} 25. Ra1 $5 {keeping a pawn on a5.}
) 25... Bxa5 26. Nc4 Bb6 27. Nxb6 ({Less convincing looked} 27. Nfe5 Bh5 28.
Nd7 Kh7 29. Ndxb6 cxb6 30. Nxb6 Rb8 $132 {and things are not perfectly clear.})
27... cxb6 28. Bc7 Qc8 29. Kg2 b5 30. Nxd4 Qe8 31. Qxe8+ $6 {There was no need
to hurry with this move.} (31. f4 Qxc6 32. Nxc6 Kh7 33. f5 Bh5 34. Kf2 $16 {
[%csl Rh5][%cal Gd3d7,Gf2e3]}) 31... Rxe8 32. Ra1 $6 {Topalov obviously wanted
to deprive Black any counterplay by eliminating queenside pawns (which wasn't
very dangerous to put it mild), but by doing so he allowed Black real
counterchances after penetrating with the rook to the first rank.} (32. f4 $142
Rc8 33. Kf3 b4 34. f5 Bh5+ 35. Ke3 Kh7 36. Rc4 $16) 32... Rc8 33. Bd6 Kh7 34.
Rxa6 Rc1 35. Nxb5 Rd1 36. Ra3 Rc8 {[%cal Gc8c1,Gg6h5,Gd1g1]} 37. Bf4 {[%csl
Gc1] Otherwise White's king could've been in danger after Rcc1 and Bh5.} Rc2
38. Rb3 ({Also after b4 Black could save himself implementing an idea which
has been used in the game.} 38. b4 Rb2 39. Nd4 Rxd3 $1 (39... Rxb4 $6 40. Nf3
Rb7 41. Nxh4 Rd7 42. Nxg6 Kxg6 43. Ra6+ Kh7 44. h4 R1xd3 45. h5 $14) 40. Rxd3
Bxe4+ 41. Rf3 Rxb4 42. Be3 Kg6 $11) 38... Rxd3 $1 $11 {The saving sacrifice.
White can't get rid of the pin without giving up a piece, so it turns out to
be a draw.} 39. Rxd3 Bxe4+ 40. Rf3 Rxb2 41. Nd6 Bd5 42. Nf5 Rb4 $1 {[%csl Gh4]
The last touch. Black can't afford himslef to give up the pawn on h4 as White
would be able to play Kg3 afterwards.} 43. Bd6 (43. Be3 Ba8) 43... Ra4 44. Be7
Kg6 45. Nxh4+ Rxh4 46. Kg3 1/2-1/2

[Event "Leon 19th"]
[Site "Leon"]
[Date "2006.06.10"]
[Round "1.2"]
[White "Vallejo Pons, Francisco"]
[Black "Topalov, Veselin"]
[Result "0-1"]
[WhiteElo "2666"]
[BlackElo "2804"]
[Annotator "CB"]
[PlyCount "67"]
[EventDate "2006.06.11"]
[EventType "k.o. (rapid)"]
[EventRounds "2"]
[EventCountry "ESP"]
[SourceTitle "CBM 112 Extra"]
[Source "ChessBase"]
[SourceDate "2006.07.14"]
[SourceVersion "1"]
[SourceVersionDate "2006.07.14"]
[SourceQuality "1"]

1. e4 c5 2. Nf3 d6 3. d4 cxd4 4. Nxd4 Nf6 5. Nc3 a6 6. g3 {una variante que se
está viendo últimamente Shirov la empleó en la olimpiada de Turín justo antes
de este torneo.} e5 7. Nb3 Be7 8. Bg2 O-O 9. O-O Bg4 $5 ({también se encuentra
frecuentemente} 9... Nbd7 10. a4 b6 11. Nd2 Qc7 12. Qe2 Bb7 13. Nc4 Bc6 14. Ne3
Nc5 15. Nf5 Rfe8 16. Rd1 Rad8 17. Bg5 Ne6 18. Nxe7+ Qxe7 19. Bxf6 Qxf6 20. Qxa6
Nd4 21. Qd3 Qh6 22. Ne2 d5 23. Nxd4 dxe4 24. Nf5 Qf6 25. Qc4 {1-0 Adams,M-Nunn,
J/playchess.com 2003}) 10. Bf3 (10. Qd3 Nbd7 11. f4 exf4 12. gxf4 Rc8 13. Kh1
Be6 14. Qg3 b5 15. Nd4 Bc4 16. Rg1 b4 17. Nd1 g6 18. b3 Bb5 19. Bb2 Re8 20. c4
Bc6 21. Nxc6 Rxc6 22. Ne3 Rc8 23. e5 Nh5 24. Qf3 dxe5 25. fxe5 Bc5 26. Rad1
Bxe3 27. Qxe3 Qc7 28. Bd5 Nhf6 29. e6 Nxd5 30. exf7+ Kxf7 31. Qf3+ Nf4 32. Rg4
g5 33. Rxg5 Rf8 34. Rg7+ {1-0 Smirin,I-Palac,M/Rabac 2004}) 10... Be6 {las
negras van a la casilla natural tras haber descolocado algo el alfil blanco} (
10... Bh3 11. Re1) 11. a4 Nbd7 12. Re1 Nb6 13. Nd2 {Vallejo 17:58 Topalov 15:38
} Rc8 14. Nf1 Rc5 ({era muy interesante la ruptura temática} 14... d5 $5 15.
exd5 (15. a5 d4) 15... Nfxd5 16. Nxd5 Nxd5 17. Rxe5 Nb4 18. Qxd8 Rfxd8 {y si}
19. c3 Nc2 20. Rb1 Bf6 {pero tras} 21. Rxe6 $1 (21. Re2 Ba2 {con ventaja negra}
) 21... fxe6 22. Bd2 {son las negras las que tienen problemas}) 15. Be3 Rc8 16.
Bg5 ({con} 16. Bc1 {se repite la posición, pero no parece una buena opción con
desventaja en el marcador}) 16... Nc4 17. b3 Nb6 {Vallejo: 10:08 topalov: 13:38
} 18. Re3 Nbd7 $6 ({Fritz propone el golpe} 18... Nfd5 $1 {una continuación
posible podría ser} 19. exd5 Bxg5 20. Rd3 Bh3 21. a5 Nd7 22. Ne4 f5 23. Nxg5
Qxg5 24. Bg2 Bxg2 25. Kxg2 f4 {con fuerte iniciativa del negro}) 19. Rd3 Nc5 $2
{#} ({mucho más sólida es} 19... Rc6) 20. Bxf6 $1 Bxf6 21. Rxd6 Qe8 22. Nd5 Bd8
(22... Be7 23. Nxe7+ Qxe7) 23. b4 $4 {una jugada difícil de explicar} ({
la alternativa evidente es} 23. Nfe3 {que perece dar ventaja a las blancas})
23... Nxa4 {Algo se le ha escapado a Vallejo que ahora piensa largamente} 24.
Nfe3 Bg5 $1 {Ahora las blancas están peor Vallejo 4:38 Topalov 10:10} 25. Bg4
Bxe3 26. Nxe3 Nb2 $5 (26... Nc3 27. Qd3 Bxg4 28. Nxg4 f5 29. exf5 e4 30. Qd2
Rxf5 {es la alternativa propuesta por fritz que otroga ligera ventaja a las
blancas, aunque} 31. Ne3 Rf8 32. Ra5 {la posición dista de ser clara}) 27. Qe2
Bxg4 28. Qxg4 Nc4 29. Nf5 g6 30. Rf6 {Vallejo 1:22 Topalov 6:56} Qd8 31. Qg5 ({
No soluciona los problemas} 31. Nh6+ Kg7 32. Rxf7+ Rxf7 33. Nxf7 Kxf7 34. Rd1
Nd2 35. Rxd2 Qxd2 36. Qxc8 Qe1+ 37. Kg2 Qxe4+ $17) 31... Nd2 ({es mejor} 31...
Rc7) 32. Nh6+ $4 ({Salvaba la partida} 32. Ne7+ $1 Kh8 (32... Qxe7 33. Rxg6+)
33. Qxe5 Qc7 34. Rd6+ f6 35. Qe6 Nf3+ 36. Kg2 Ng5 37. Qd7) 32... Kg7 33. Nf5+
Kh8 $19 34. Qh4 {Y Vallejo abandona sin esperar a Nf3 Topalov está a un paso
de la final del domingo} 0-1

[Event "Leon 19th"]
[Site "Leon"]
[Date "2006.06.10"]
[Round "1.4"]
[White "Vallejo Pons, Francisco"]
[Black "Topalov, Veselin"]
[Result "1-0"]
[WhiteElo "2666"]
[BlackElo "2804"]
[Annotator "CB"]
[PlyCount "39"]
[EventDate "2006.06.11"]
[EventType "k.o. (rapid)"]
[EventRounds "2"]
[EventCountry "ESP"]
[SourceTitle "CBM 112 Extra"]
[Source "ChessBase"]
[SourceDate "2006.07.14"]
[SourceVersion "1"]
[SourceVersionDate "2006.07.14"]
[SourceQuality "1"]

1. e4 c5 2. Nf3 e6 3. d4 cxd4 4. Nxd4 a6 {Variante Paulsen} 5. Nc3 d6 6. g4 $5
Ne7 ({la elección de Kasparov fue} 6... b5 7. a3 h6 8. Bg2 Bb7 9. O-O Nd7 10.
f4 Rc8 11. Be3 g5 12. Qe2 gxf4 13. Rxf4 e5 14. Rf5 exd4 15. Bxd4 Ne5 16. Nd5
Bg7 17. Raf1 Rh7 18. Kh1 Bh8 19. c3 Ne7 20. Bxe5 dxe5 21. Qf3 Nxf5 22. Qxf5 Rg7
23. Nf6+ Kf8 24. Nd7+ Kg8 25. Nf6+ Kf8 {1/2-1/2 Short,N-Kasparov,G Amsterdam
1994}) 7. a3 {una sorprendente jugada profiláctica, que sin embargo sería
normal después de b5 que el negro debe jugar de todos modos} Nbc6 8. Nb3 b5 9.
h4 Bb7 10. Bf4 Ne5 $6 (10... Nc8 $5 11. Qd2 Nb6 12. O-O-O Nc4 {también parece
satisfactorio para las negras}) {#} 11. Bxe5 $1 dxe5 12. Qxd8+ Rxd8 $2 ({
Es mejor} 12... Kxd8 13. O-O-O+ Kc8 14. Nc5 {y las blancas parecen estar
todavía un poco mejor}) 13. Nc5 Rb8 ({una posición con muchas trampas para el
negro. Si} 13... Bc8 $2 14. Nxb5 axb5 15. Bxb5+ Rd7 16. Rd1 Nc6 17. Nxd7 Bxd7
18. Rh3 {con posición ganadora}) ({y ante la sorprendente} 13... Nc6 $6 14.
Nxb7 Rd7 {las negras se encuentran con el golpe} 15. Na5 $1 Nxa5 16. Nxb5 $1
axb5 17. Bxb5 Bd6 18. b4 Nb7 19. c4 {con una avalancha arrolladora}) 14. Nxb7
Nc6 15. a4 b4 $2 ({Era más resistente} 15... Nd4 16. axb5 Nxc2+ 17. Kd1 Nxa1
18. bxa6) 16. Bxa6 bxc3 17. Bb5 $1 {con ventaja decisiva según fritz} Kd7 18.
Na5 cxb2 19. Rd1+ Kc7 20. Nxc6 {Y las negras abandonan. Buena victoria de
Vallejo, aunque con ello sólo consiga mejorar un tanteo ya imposible de
remontar. Topalov 2,5 Vallejo 1,5} 1-0

[Event "Villarrobledo op 22nd"]
[Site "Villarrobledo"]
[Date "2007.08.04"]
[Round "1"]
[White "Topalov, Veselin"]
[Black "Sanchez Delgado, Lidia"]
[Result "1-0"]
[WhiteElo "2769"]
[BlackElo "2053"]
[PlyCount "65"]
[EventDate "2007.08.04"]
[EventType "swiss (rapid)"]
[EventRounds "9"]
[EventCountry "ESP"]
[SourceTitle "EXT 2008"]
[Source "ChessBase"]
[SourceDate "2007.11.25"]
[SourceVersion "1"]
[SourceVersionDate "2007.11.25"]
[SourceQuality "1"]

1. c4 c5 2. Nf3 Nc6 3. g3 g6 4. Bg2 Bg7 5. O-O d6 6. Nc3 e6 7. e3 Nge7 8. d4
O-O 9. d5 exd5 10. cxd5 Nb8 11. h3 a6 12. a4 Nd7 13. e4 Rb8 14. a5 b6 15. axb6
Nxb6 16. Re1 Nc4 17. Qe2 Ne5 18. Nd2 f6 19. f4 Nf7 20. Nc4 Re8 21. Qd3 Qc7 22.
Bd2 Rb3 23. g4 Bd7 24. Rxa6 Bb5 25. Nxb5 Rxb5 26. Bc3 Nc8 27. e5 fxe5 28. fxe5
Rb3 29. e6 Bd4+ 30. Kh1 Ne5 31. Nxe5 dxe5 32. Qc4 Rb6 33. Ba5 1-0

[Event "Villarrobledo op 22nd"]
[Site "Villarrobledo"]
[Date "2007.08.04"]
[Round "2"]
[White "Camarena Gimenez, Rufino"]
[Black "Topalov, Veselin"]
[Result "0-1"]
[WhiteElo "2332"]
[BlackElo "2769"]
[PlyCount "62"]
[EventDate "2007.08.04"]
[EventType "swiss (rapid)"]
[EventRounds "9"]
[EventCountry "ESP"]
[SourceTitle "EXT 2008"]
[Source "ChessBase"]
[SourceDate "2007.11.25"]
[SourceVersion "1"]
[SourceVersionDate "2007.11.25"]
[SourceQuality "1"]

1. d4 Nf6 2. c4 g6 3. Nc3 Bg7 4. e4 d6 5. Nf3 Bg4 6. Be2 Nfd7 7. Be3 a6 8. Ng1
Bxe2 9. Ngxe2 c5 10. O-O Nc6 11. Qd2 O-O 12. Rfd1 Qa5 13. dxc5 Nxc5 14. Rab1
Qb4 15. b3 b5 16. f3 bxc4 17. bxc4 Qxc4 18. Nd5 Rab8 19. Nb6 Qe6 20. Nf4 Qe5
21. Qe2 Bh6 22. Nc4 Qg7 23. Nd5 Bxe3+ 24. Qxe3 Kh8 25. f4 Nd7 26. Ndb6 Nf6 27.
e5 dxe5 28. Nxe5 Nxe5 29. Qxe5 e6 30. Qa5 Ne4 31. Rb3 Rbd8 0-1

[Event "Zuerich Champions sim"]
[Site "Zuerich"]
[Date "2009.08.23"]
[Round "1"]
[White "Topalov, Veselin"]
[Black "Rosenthal, Jonathan"]
[Result "1-0"]
[WhiteElo "2813"]
[BlackElo "2262"]
[PlyCount "87"]
[EventDate "2009.08.23"]
[EventType "simul"]
[EventRounds "1"]
[EventCountry "SUI"]
[SourceTitle "CBM 131 Extra"]
[Source "ChessBase"]
[SourceDate "2009.09.03"]
[SourceVersion "2"]
[SourceVersionDate "2009.09.16"]
[SourceQuality "1"]

1. c4 Nf6 2. Nc3 e5 3. g3 Bb4 4. Bg2 O-O 5. e4 c5 6. Nge2 d6 7. d3 Nc6 8. O-O
Ne8 9. Nd5 Be6 10. a3 Ba5 11. Rb1 Bc7 12. b4 b6 13. f4 f6 14. Qa4 Bd7 15. Qc2
Bb8 16. Be3 Nc7 17. h4 Qe8 18. Kh2 Kh8 19. Bh3 Bxh3 20. Kxh3 Nd4 21. Bxd4 cxd4
22. f5 Rf7 23. g4 b5 24. Ng3 a5 25. Rfc1 Ba7 26. bxa5 Bc5 27. Nxc7 Rxc7 28.
Rxb5 Rca7 29. Qd2 Qd8 30. Rcb1 h6 31. g5 fxg5 32. hxg5 Qxg5 33. Qxg5 hxg5 34.
Rb8+ Rxb8 35. Rxb8+ Kh7 36. Rb5 Bxa3 37. Kg4 Kh6 38. f6 Kg6 39. fxg7 Rxg7 40.
Nf5 Ra7 41. Rb6 Bc5 42. Rc6 Rxa5 43. Nxd6 Bxd6 44. Rxd6+ 1-0

[Event "EU-chT (Men) 17th"]
[Site "Novi Sad"]
[Date "2009.10.25"]
[Round "4"]
[White "Georgiev, Vladimir"]
[Black "Topalov, Veselin"]
[Result "1/2-1/2"]
[WhiteElo "2537"]
[BlackElo "2813"]
[Annotator "Krasenkow,M"]
[PlyCount "83"]
[EventDate "2009.10.22"]
[EventType "team-swiss"]
[EventRounds "9"]
[EventCountry "YUG"]
[SourceTitle "CBM 133"]
[Source "ChessBase"]
[SourceDate "2009.11.19"]
[SourceVersion "1"]
[SourceVersionDate "2009.11.19"]
[SourceQuality "1"]
[WhiteTeam "Macedonia"]
[BlackTeam "Bulgaria"]
[WhiteTeamCountry "MKD"]
[BlackTeamCountry "BUL"]

1. d4 Nf6 2. c4 g6 3. Nc3 Bg7 4. e4 d6 5. Bd3 O-O 6. Nge2 c5 7. d5 e6 8. O-O
Ng4 9. Bc2 Ne5 10. b3 exd5 11. cxd5 b5 {For this line - see the extensive
annotations to Bruzon - Nataf by IM L.Hazai in CBM 104.} 12. Rb1 (12. f4 Ng4 $5
(12... b4 13. fxe5 Bxe5 14. Bf4 Bxf4 15. Nxf4 bxc3 $13 {1/2 Grigore,G (2440)
-Marin,M (2520)/Bucharest 1994/EXT 1998 (50)}) 13. h3 b4 $132 {L.Hazai}) 12...
b4 (12... a6 $13 {Kapengut} 13. h3 $5 {[%cal Yc1e3,Yd1d2]}) 13. Na4 Ba6 14. f4
(14. h3 Ned7 (14... g5 $5 {L.Hazai}) 15. a3 $5 bxa3 16. Bxa3 Nb6 17. Nb2 $2 (
17. Bb2 $142 {L.Hazai}) (17. b4 $5) 17... Re8 18. Re1 N8d7 19. Bd3 Bxd3 20.
Qxd3 Qh4 21. Ng3 Bd4 $1 $17 {1/2 Bruzon Bautista,L (2637)-Nataf,I (2565)/
Mallorca 2004/CBM 104/[Hazai] (66)}) 14... Ned7 (14... Ng4 {is more logical as
White has not played h2-h3:} 15. h3 (15. Bd3 Re8) 15... Nf6 16. Re1 Re8 17. Ng3
Nbd7 {[%cal Yh7h5,Yd7b6] with good counterplay.}) 15. a3 $1 (15. Bb2 Nb6 16.
Bxg7 Kxg7 17. Nb2 N8d7 18. Bd3 Bxd3 19. Qxd3 a5 20. Nc4 Nxc4 21. bxc4 a4 $132 {
1/2 Ghitescu,T (2395)-Moldovan,D (2420)/Bucharest 1995/EXT 2002 (45)}) 15...
bxa3 16. Bxa3 Nb6 {[%mdl 32] A typical exchange of the white knight. Black has
not yet created any counterplay along the e-file but White apparently can't
exploit that fact.} 17. Bd3 Re8 18. Nb2 $2 {Repeating Lazaro Bruzon's mistake.
The a3 bishop is now out of play.} (18. Bb2 Bxd3 19. Qxd3 c4 $132) (18. Nac3
Bxd3 19. Qxd3 N8d7 $13) 18... Bxd3 19. Qxd3 a5 $6 (19... Qe7 $1 20. Ng3 N8d7 {
[%cal Yd7f6,Yh7h5] was more to the point, immediately pressing the e4 pawn. A
possible variation:} 21. Nc4 Bd4+ 22. Kh1 Nxc4 23. bxc4 Nf6 24. Rbe1 $140 $2
Ng4 $19 {[%cal Rg4h2,Rg4f2]}) 20. Nc4 Nxc4 21. bxc4 {[%csl Ga5]} Na6 {Also
strong but on the queenside White's Ba3 is carrying out a defensive task.} 22.
Qf3 Nb4 $6 {Missing the point of White's last move.} (22... Qe7 $1 23. Nc3 Nb4
$1 $17) 23. f5 $1 Qh4 (23... Qe7 $5 24. f6 Qxe4 25. Qxe4 Rxe4 26. Ng3 Rxc4 27.
fxg7 f5 $1 {and Black is better due to his strong pawns (despite White's extra
piece)}) 24. fxg6 fxg6 25. Nf4 Be5 (25... Nc2 $5 26. Ne6 Qe7 27. Bb2 Bxb2 28.
Rxb2 Nd4 29. Nxd4 cxd4 {was hardly enough for a win, due to simplifications.})
26. g3 Qf6 (26... Qe7 $5 27. Ne6 Nc2) 27. Kg2 $2 (27. Qe2 $142 $1 {preventing .
..Nb4-c2.}) 27... Nc2 $6 {Missing an excellent winning chance:} (27... Bxf4 28.
Qxf4 (28. gxf4 Qd4) 28... Qxf4 29. Rxf4 a4 $1 ({or simply} 29... Nd3 30. Rf3
Ne5 31. Rc3 Rab8) 30. Bxb4 $140 Reb8) 28. Rb7 Nxa3 $6 {After this exchange of
a strong knight for a "dead" bishop Black has no real chances anymore.} (28...
Bxf4 29. Bb2 $1 {was probably what Black missed. White's counterplay is
sufficient for a draw:} Be5 30. Qxf6 Bxf6 31. Rxf6 Ne3+ $1 32. Kh3 (32. Kf3 $5
Nxc4 33. Bc3) 32... Rab8 33. Ra7 Rxb2 34. Rff7 Re5 35. g4 $1) (28... Re7 $1 {
was, however, quite playable, keeping a clear plus.}) 29. Qxa3 Rf8 30. Qa4 $1
g5 31. Qd7 $1 Qh6 (31... Rf7 32. Qxf7+ Qxf7 33. Rxf7 Kxf7 34. Nd3+ Ke7 (34...
Bf6 $2 35. e5 dxe5 36. Nxc5) 35. Nxe5 dxe5 36. Ra1 a4 37. Ra3 {leads to a
drawish rook endgame, e.g.} Kd6 38. Kf3 h5 (38... Kc7 $6 39. Kg4 {is risky for
Black, e.g.} Kb6 40. Kxg5 Ka5 41. Kf6 Kb4 42. Ra1 Kxc4 43. d6 a3 44. d7 Kb3 45.
Kxe5 Kb2 46. Re1 c4 47. Kd6 a2 48. e5 a1=Q 49. Rxa1 Rxa1 50. e6 Rd1+ 51. Kc7 c3
52. e7 c2 53. d8=Q c1=Q+ 54. Kb8 {etc.}) 39. Ke3 Kc7 40. Kd3 Kb6 41. Kc3 Ka5
42. Ra2 Rf8 (42... Rb8 $2 43. Rb2 $1) 43. Rd2 (43. Rb2 Rf3+ 44. Kc2 a3 45. Rb5+
Ka4 46. Rb8 {is also good}) 43... Rf3+ 44. Rd3 (44. Kc2 $143 Kb4 45. d6 Rf8 46.
d7 Rd8) 44... g4 $1 45. d6 Kb6 46. d7 Rxd3+ 47. Kxd3 Kc7 48. Kc3 $11) 32. Ne6 (
32. Qg4 $5 Kh8 33. Ne6 Rxf1 34. Kxf1 Qxh2 35. Nxg5 Qh1+ 36. Ke2 Qg2+ $11) 32...
Rxf1 33. Kxf1 Qh5 (33... Qxh2 34. Qf7+ Kh8 35. Nxg5 Qh1+ 36. Ke2 Qg2+ 37. Kd1 {
doesn't change much: Black must give a perpetual.}) 34. Kg2 Qe2+ 35. Kh3 Qh5+
36. Kg2 Bf6 $4 {The leader of the world rating list doesn't want to yield a
draw to an "average" GM and commits a decisive error.} (36... Qe2+ $11) 37. Nf4
$1 {[%mdl 64]} Qh6 (37... gxf4 38. Qe6+ $18) 38. Qe6+ Kh8 39. Nh5 $1 Rf8 40.
Rf7 $2 (40. Qxd6 g4 41. Nf4 $18) 40... Bg7 41. Rxg7 $4 {White probably didn't
notice that the time control was already over.} (41. Qxh6 Bxh6 42. Rd7 {
still lead to a winning endgame:} (42. Ra7 $143 g4 $1 43. Rxa5 $140 Be3) 42...
Ra8 43. Rxd6 a4 44. Rc6 $1 a3 45. d6 Bf8 46. d7 Rd8 $8 (46... a2 47. Rc8 a1=Q
48. d8=Q $18) 47. e5 $1 a2 (47... Be7 48. e6 $18) (47... Rxd7 48. Rc8 Rd2+ 49.
Kf3 Kg8 50. e6 Rd3+ 51. Kg4 Re3 52. Kf5 Rf3+ 53. Kxg5 $18) 48. Ra6 Rxd7 49.
Rxa2 {etc.}) 41... Qxh5 42. Rg8+ {White must now give a perpetual.} (42. g4 Qh4
(42... Rf2+ $11) 43. Rg8+) (42. Rg8+ Rxg8 43. Qf6+ Rg7 44. Qf8+ $11) 1/2-1/2

[Event "EU-chT (Men) 17th"]
[Site "Novi Sad"]
[Date "2009.10.26"]
[Round "5"]
[White "Topalov, Veselin"]
[Black "Miladinovic, Igor"]
[Result "1/2-1/2"]
[WhiteElo "2813"]
[BlackElo "2547"]
[PlyCount "114"]
[EventDate "2009.10.22"]
[EventType "team-swiss"]
[EventRounds "9"]
[EventCountry "YUG"]
[SourceTitle "CBM 133"]
[Source "ChessBase"]
[SourceDate "2009.11.19"]
[SourceVersion "1"]
[SourceVersionDate "2009.11.19"]
[SourceQuality "1"]
[WhiteTeam "Bulgaria"]
[BlackTeam "Serbia II"]
[WhiteTeamCountry "BUL"]
[BlackTeamCountry "YUG"]

1. e4 c6 2. d4 d5 3. Nc3 dxe4 4. Nxe4 Nf6 5. Nxf6+ exf6 6. c3 Bf5 7. Ne2 Bd6 8.
Ng3 Qe7+ 9. Be3 Bg6 10. Bd3 Nd7 11. O-O O-O 12. Re1 Rfe8 13. f3 Nb6 14. Bf2 Qc7
15. Rxe8+ Rxe8 16. c4 Nd7 17. c5 Bf4 18. Nf1 Qd8 19. Bxg6 hxg6 20. d5 cxd5 21.
Qxd5 Qc8 22. Rd1 Nf8 23. b4 a6 24. g3 Bc7 25. Ne3 f5 26. Qc4 f4 27. Nd5 fxg3
28. hxg3 Bd8 29. a4 g5 30. Re1 Rxe1+ 31. Bxe1 Qf5 32. Kg2 Nd7 33. Bf2 Ne5 34.
Qe4 Qxe4 35. fxe4 f6 36. Bd4 Nc6 37. Bc3 Na7 38. Kf3 Kf7 39. Ke3 Ke6 40. Kd3 g6
41. g4 f5 42. Ne3 fxg4 43. Nxg4 Bc7 44. Kc4 Bf4 45. b5 axb5+ 46. axb5 Nc8 47.
Ba5 Ne7 48. Bd8 Nc8 49. b6 Kd7 50. Bf6 Ke6 51. e5 Bc1 52. Nf2 Be3 53. Ne4 g4
54. Kd3 Bg1 55. c6 Nxb6 56. cxb7 Nd7 57. Ke2 Ba7 1/2-1/2